000 00662nam a22001937a 4500
003 SEM
005 20260331125354.0
008 260331s2019 ai ||||gr||||||01|0|arm|d
040 _aSEM
_cSEM
041 _aarm
_aeng
082 _a242/Տ-54
100 _aՏէրտէրեան, Յովնան
_cարք․
_q(Derderian, Hovnan)
245 _aԵս առանձին եմ՝ մենակ չեմ = When I am Lonely I am not Alone /
_cՅովնան արք․ Տէրտէրեան
260 _aBurbank :
_bArmenian Church of North America,
_c2019.
300 _a123 էջ ;
_c15 սմ
650 _aԱղոթագիրք
_xՀայ եկեղեցի
653 _aՍԷՄ
942 _2ddc
_cBK
_n0
999 _c77219
_d77219